000 00996nam a2200217Ia 4500
003 Ost
005 20260507075747.0
008 260507s9999||||xx |||||||||||||| ||und||
040 _cfsecg
041 _aara
082 _a330
100 _aابراهيم، عبد الله
_eمؤلف
245 0 _aالمسألة السكانية وقضية تنظيم الأسرة في البلدان العربية :
_bدراسة في المنهج /
_c عبد الله ابراهيم
260 _aبيروت:
_bالمركز الثقافي العربي,
_c1994
300 _a268 صفحة؛
_bإيضاحات ؛
_c25 سم
520 _aمنطق البحث في رؤية الامور وقضايا منهجية- المسألة السكانية وقضية تنظيم الاسرة- إعادة انتاج المسألة السكانية وتنظيم الاسرة في البلدان العربية.
653 _aالأسرة
653 _aالسكان
653 _aتنظيم الأسرة
942 _cكتاب
999 _c46203
_d46203